La statua di sale /
Saved in:
| Hovedforfatter: | |
|---|---|
| Andre forfattere: | |
| Format: | Bog |
| Sprog: | italiensk |
| Udgivet: |
Roma :
Fazi,
2001
|
| Serier: | Tascabili ;
1 |
| Tags: |
Ingen Tags, Vær først til at tagge denne postø!
|
MARC
| LEADER | 00000nam a22000007i 4500 | ||
|---|---|---|---|
| 001 | IT\ICCU\TO0\0961375 | ||
| 003 | ItRI | ||
| 005 | 20260224214929.0 | ||
| 008 | 010612s2001 it |||||| ||||| |||||c | ||
| 020 | |a 8881121948 | ||
| 040 | |b ita |c C | ||
| 041 | 7 | |a ita |2 ISO-639-2 | |
| 100 | 1 | |a Vidal, Gore |0 IT\ICCU\CFIV\041949 |4 aut | |
| 240 | 1 | 4 | |a The city and the pillar |9 Vidal, Gore |
| 245 | 1 | 3 | |a La statua di sale / |c Gore Vidal ; traduzione di Alessandra Osti. |
| 260 | |a Roma : |b Fazi, |c 2001 | ||
| 300 | |a 222 p. ; |c 20 cm | ||
| 700 | 1 | |a Osti, Alessandra, |d (1963- ) |0 IT\ICCU\RAVV\095917 | |
| 830 | 0 | |a Tascabili ; |v 1 |0 IT\ICCU\TO0\0961394 | |
| 942 | |2 ddc |c BK | ||
| 952 | |0 0 |1 0 |2 ddc |4 0 |6 091_813_500000000000000_VID_STA |7 1 |9 910 |a MO |b MO |d 2024-03-07 |l 0 |o [091] 813.5 VID STA |p 9085 |r 2024-03-07 11:05:30 |w 2024-03-07 |y BK | ||
| 952 | |0 0 |1 0 |4 0 |6 DOC_813_540000000000000_VID |7 0 |9 17472 |a BO |b BO |d 2026-01-15 |i 17270 |l 0 |o DOC 813.54 VID |p BO17270 |r 2026-01-15 23:19:39 |w 2026-01-15 |x [Sebina 5] [1 v.] |y BK |z 1 v. (stessa ed. ma rist. 2005) | ||
| 999 | |c 860 |d 860 | ||